[Event "Mittelrhein Verbandsliga-W 18/19"]
[Site "Nordrheinwestfalen"]
[Date "2018.09.30"]
[Round "2.6"]
[White "Gruenich, Andreas"]
[Black "Krebs, Dietmar"]
[Result "1/2-1/2"]
[WhiteElo "1817"]
[BlackElo "1856"]
[PlyCount "43"]
[EventDate "2018.09.02"]
[EventType "team-tourn"]
[EventRounds "11"]
[EventCountry "GER"]
[SourceTitle "EXT 2022"]
[Source "ChessBase"]
[SourceDate "2021.10.06"]
[SourceVersion "1"]
[SourceVersionDate "2021.10.06"]
[SourceQuality "1"]
[WhiteTeam "Lendersdorf"]
[BlackTeam "Koeln Lasker II"]
[WhiteTeamCountry "GER"]
[BlackTeamCountry "GER"]

1. d4 Nf6 2. Nf3 e6 3. g3 c5 4. c3 d5 5. Bg2 Nc6 6. 0-0 cxd4 7. cxd4 Be7 8. Nc3 0-0 9. a3 a6 10. Re1 b5 11. b4 Bb7 12. Bb2 Rc8 13. Rc1 Qb6 14. e3 a5 15. bxa5 Nxa5 16. Ne5 Nc4 17. Qb3 b4 18. axb4 Qxb4 19. Qxb4 Bxb4 20. Nxc4 Rxc4 21. Red1 Rfc8 22. Na2 1/2-1/2

[Event "Mittelrhein Verbandsliga-W 17/18"]
[Site "Nordrheinwestfalen"]
[Date "2018.01.14"]
[Round "6.5"]
[White "Hoefner, Christoph"]
[Black "Gruenich, Andreas"]
[Result "1/2-1/2"]
[WhiteElo "1790"]
[BlackElo "1866"]
[PlyCount "32"]
[EventDate "2017.09.10"]
[EventType "team-tourn"]
[EventRounds "11"]
[EventCountry "GER"]
[SourceTitle "EXT 2022"]
[Source "ChessBase"]
[SourceDate "2021.10.06"]
[SourceVersion "1"]
[SourceVersionDate "2021.10.06"]
[SourceQuality "1"]
[WhiteTeam "Bruehl III"]
[BlackTeam "Lendersdorf"]
[WhiteTeamCountry "GER"]
[BlackTeamCountry "GER"]

1. d4 Nf6 2. Nf3 g6 3. c4 Bg7 4. Nc3 0-0 5. e4 d6 6. h3 c5 7. d5 a6 8. Be3 Nbd7 9. Qd2 Re8 10. Bd3 b6 11. 0-0 Bb7 12. Rfe1 Rb8 13. Rad1 Nh5 14. g4 Nhf6 15. Bf4 Ra8 16. a4 Qc8 1/2-1/2

[Event "Mittelrhein Verbandsliga-W 17/18"]
[Site "Nordrheinwestfalen"]
[Date "2017.11.12"]
[Round "4.4"]
[White "Gruenich, Andreas"]
[Black "Schauff, Lutz"]
[Result "0-1"]
[WhiteElo "1866"]
[BlackElo "1984"]
[PlyCount "72"]
[EventDate "2017.09.10"]
[EventType "team-tourn"]
[EventRounds "11"]
[EventCountry "GER"]
[SourceTitle "EXT 2022"]
[Source "ChessBase"]
[SourceDate "2021.10.06"]
[SourceVersion "1"]
[SourceVersionDate "2021.10.06"]
[SourceQuality "1"]
[WhiteTeam "Lendersdorf"]
[BlackTeam "Kerpen SK"]
[WhiteTeamCountry "GER"]
[BlackTeamCountry "GER"]

1. e4 d6 2. Nf3 g6 3. Be2 Bg7 4. 0-0 Nf6 5. d3 0-0 6. Re1 c5 7. Nbd2 Nc6 8. c3 Rb8 9. h3 e5 10. Bf1 h6 11. Nb3 Re8 12. Be3 b6 13. Nfd2 d5 14. f3 d4 15. cxd4 cxd4 16. Bf2 Be6 17. Rc1 Rc8 18. a3 Nh5 19. Kh2 Bf6 20. g3 Bg5 21. Rc2 Be7 22. Qc1 Qd7 23. h4 Kh7 24. Nc4 Nf6 25. Be2 h5 26. Rg1 Rh8 27. Qd1 Kg7 28. f4 Ng4+ 29. Bxg4 Bxg4 30. Qc1 Bf6 31. fxe5 Nxe5 32. Nxe5 Bxe5 33. Qd2 Rxc2 34. Qxc2 Bf3 35. Qd2 f6 36. Qb4 Qg4 0-1

[Event "Mittelrhein Verbandsliga-W 17/18"]
[Site "Nordrheinwestfalen"]
[Date "2017.09.10"]
[Round "1.6"]
[White "Huppertz, Franz Josef"]
[Black "Gruenich, Andreas"]
[Result "1/2-1/2"]
[WhiteElo "1699"]
[BlackElo "1866"]
[PlyCount "96"]
[EventDate "2017.09.10"]
[EventType "team-tourn"]
[EventRounds "11"]
[EventCountry "GER"]
[SourceTitle "EXT 2022"]
[Source "ChessBase"]
[SourceDate "2021.10.06"]
[SourceVersion "1"]
[SourceVersionDate "2021.10.06"]
[SourceQuality "1"]
[WhiteTeam "Eschweiler SC"]
[BlackTeam "Lendersdorf"]
[WhiteTeamCountry "GER"]
[BlackTeamCountry "GER"]

1. d4 Nf6 2. Nf3 g6 3. c4 Bg7 4. Nc3 0-0 5. e3 d6 6. Be2 Nbd7 7. 0-0 a6 8. Nd2 e5 9. d5 Re8 10. e4 c6 11. b3 cxd5 12. cxd5 b5 13. b4 Nb6 14. Bb2 Bd7 15. Nb3 Rc8 16. Na5 Bh6 17. Qd3 Qe7 18. Rfd1 Rc7 19. a4 Nc4 20. Nxc4 Rxc4 21. axb5 Bxb5 22. Nxb5 axb5 23. f3 Rb8 24. Qb3 Rc7 25. Ra5 Rcb7 26. Bc1 Bxc1 27. Rxc1 Ne8 28. Qe3 Kg7 29. Bd3 Qd7 30. Rc6 h6 31. h3 g5 32. g4 f6 33. Qf2 h5 34. Kg2 h4 35. Qe2 Nc7 36. Qa2 Kg6 37. Ra7 Ne6 38. Rxb7 Nf4+ 39. Kh2 Qxb7 40. Qc2 Nxd3 41. Qxd3 Qa7 42. Kg2 Qa1 43. Qd2 Ra8 44. Rc2 Ra4 45. Rb2 Qa3 46. Kf2 Qa1 47. Kg2 Ra3 48. Qe2 Re3 1/2-1/2

[Event "Mittelrhein Verbandsliga-W 1112"]
[Site "Germany"]
[Date "2012.05.06"]
[Round "10.3"]
[White "Gruenich, Andreas"]
[Black "Brueggemann, Frank"]
[Result "1/2-1/2"]
[WhiteElo "1867"]
[BlackElo "2038"]
[PlyCount "49"]
[EventDate "2011.09.18"]
[EventType "team-tourn"]
[EventRounds "11"]
[EventCountry "GER"]
[SourceTitle "EXT 2013"]
[Source "ChessBase"]
[SourceDate "2012.11.22"]
[SourceVersion "1"]
[SourceVersionDate "2012.11.22"]
[SourceQuality "1"]
[WhiteTeam "Lendersdorf"]
[BlackTeam "Aachen PTSV"]
[WhiteTeamCountry "GER"]
[BlackTeamCountry "GER"]

1. d4 Nf6 2. g3 c6 3. Bg2 d5 4. Nf3 g6 5. 0-0 Bg7 6. Bf4 Nbd7 7. c3 0-0 8. Re1 Ne4 9. Nfd2 e5 10. dxe5 Nxd2 11. Nxd2 Nxe5 12. Qb3 Qb6 13. Qxb6 axb6 14. a3 Re8 15. Bxe5 Bxe5 16. e3 Be6 17. Nf3 Bf6 18. Nd4 Bd7 19. Ne2 Ra4 20. Rad1 Bf5 21. Nd4 Be4 22. f3 Bf5 23. Nxf5 gxf5 24. Bh3 Ra5 25. Kg2 1/2-1/2